000 00419nam a2200181Ia 4500
001 535
005 20260306140525.0
008 260306t2006||||xx |||||||||||||| ||spa||
041 _aESP
082 _a124.1
_bD61
100 _aDescartes, René, 1596-1650
_eAUT
245 0 _aDiscurso del método
260 _c2006
300 _a192 páginas :
_c18 cm.
650 _aGEN
654 _aCHU
942 _cLIB
_dJUS
_fJUS
_2ddc
_n
999 _c535
_d535